000 00502nam a2200181Ia 4500
003 GCL
008 140319s9999 xx 000 0 eng d
040 _aGCL /
_cGCL
082 0 4 _aCC
_b726.1
_bB A
100 1 _aBIETAK, MANFRED
245 1 0 _aAYSGRABENGEN IN SAYALLA NUBIEN 1961 - 1965 DENKNALEX DER C-GRUPPE /
_cBIETAK, MANFRED
260 _a[S.N] :
_bHERMANN BOHLAUS NACHF. ،
_c1966
300 _a100
650 0 4 _aNUBIA
650 0 4 _aNUBIA - TOMBS
650 0 4 _aSAYALA, NUBIA
942 _2ddc
_cBK
999 _c20440
_d20440